| 000 | 00345nam a2200133Ia 4500 | ||
|---|---|---|---|
| 005 | 20251222143159.0 | ||
| 008 | 251222s9999||||xx |||||||||||||| ||spa|| | ||
| 082 | _a985.014/S55 | ||
| 100 | _aHerrán Gómez de la Torre, Eduardo | ||
| 245 | 0 | _aGeoglífos de Nazca: | |
| 250 | _a1ra.ed. | ||
| 264 | _bEduardo Herran Producciones | ||
| 942 | _cLIB | ||
| 999 |
_c12998 _d12998 |
||